Tous les joueurs recrutés au Stade Rennais sous l'ère Florian Maurice - Statistiques

Statistiques générales
  • Ce quiz a été pris 83 fois
  • Le résultat moyen est 26 sur 33
Statistiques - réponses
Date d'arrivé Nationalité Montant du transfert Club précédent Joueur % Correct
01/09/2022 Algérie 28,00 M € OGC Nice Amine Gouiri
96%
05/07/2023 France 15,00 M € FC Nantes Ludovic Blas
96%
10/07/2023 France 20,00 M € FC Lorient Enzo Lefée
94%
11/08/2022 France 20,00 M € Paris SG Arnaud Kalimuendo
93%
29/07/2022 Belgique 19,00 M € FC Bologne Arthur Theate
92%
26/08/2021 Croatie 12,00 M € Dinamo Zagreb Lovro Majer
92%
06/07/2020 France 12,00 M € Olympique Lyonnais Martin Terrier
92%
14/08/2023 Serbe 2,50 M € As Roma Nemanja Matic
90%
05/10/2020 Belgique 26,00 M € RSC Anderlecht Jérémy Doku
89%
29/01/2024 Ghana 11,00 M € Clermont Foot Alidu Seidu
88%
31/08/2023 Suisse 15,00 M € BSC Young Boys Fabian Rieder
88%
16/07/2021 Ghana 17,00 M € Nordsjaelland Kamaldeen Sulemana
86%
26/01/2023 Cameroun Prêt + 1,50 M € Olympique Lyonnais Karl Toko Ekambi
83%
06/07/2022 France Transfert Libre Olympique de Marseille Steve Mandanda
83%
22/01/2024 Pays-Bas 15,00 M € Stade de Reims Azor Matusiwa
82%
01/08/2022 Pays de Galles Prêt Tottenham Joe Rodon
82%
31/08/2021 France 15,00 M € MHSC Montpellier Gaëtan Laborde
81%
20/07/2021 Norvège 3,00 M € Nîmes Olympique Birger Meling
79%
01/09/2022 Cameroun 9,00 M € RC Lens Christopher Wooh
79%
31/01/2023 Maroc 6,50 M € La Gantoise Ibrahim Salah
79%
17/08/2021 France 14,00 M € SC Fribourg Baptiste Santamaria
78%
31/01/2023 Angleterre Prêt Tottenham Djed Spence
78%
14/08/2020 Maroc 4,00 M € Dijon FCO Nayef Aguerd
75%
27/08/2020 Guinée 15 M € Amiens SC Serhou Guirassy
74%
03/10/2020 Italie Prêt + 1,06 M € Juventus de Turin Daniele Rugani
72%
05/07/2021 France 12,00 M € RC Lens Loïc Badé
68%
29/08/2023 Turc 5,40 M € Hatayspor Bertuğ Yıldırım
67%
29/09/2020 Sénégal 10 M € Dijon FCO Alfred Gomis
65%
27/08/2021 Turc 3,50 M € Kayserispor Dogan Alemdar
64%
21/09/2022 Portugal Transfert Libre Sans Club Xeka
64%
05/07/2023 France Inconnu ESTAC Troyes Gauthier Gallon
63%
03/10/2020 Brésil Prêt + 2,50 M € Inter Milan Dalbert
58%
18/07/2023 République Centrafricaine Transfert Libre CS Sedan Geoffrey Lembet
57%
Aucun quiz correspondant
Distribution des résultats
% des personnes avec chaque résultat
Percentile par nombre de réponses
Votre historique - résultats
Vous n’avez pas pris ce quiz